Salta al contenuto

Гидрология учебное пособие для спо

В учебном пособии рассматриваются теоретические вопросы гидрологии, гидрографии и условия формирования годового стока водных объектов Северо-Западного Кавказа. Соответствует современным требованиям Федерального государственного образовательного стандарта среднего профессионального образования и проф...

Descrizione completa

Salvato in:
Dettagli Bibliografici
Autore principale: Нагалевский Ю. Я.
Altri autori: Папенко И. Н., Нагалевский Э. Ю.
Natura: Книга
Lingua:Russian
Pubblicazione: Санкт-Петербург Лань 2023
Edizione:3-е изд., стер.
Soggetti:
Accesso online:https://e.lanbook.com/book/320783
https://e.lanbook.com/img/cover/book/320783.jpg
Tags: Aggiungi Tag
Nessun Tag, puoi essere il primo ad aggiungerne! !
LEADER 03144nam0a2200577 i 4500
001 320783
003 RuSpLAN
005 20240216150941.0
008 240216s2023 ru gs 000 0 rus
020 |a 978-5-507-47028-0 
040 |a RuSpLAN 
041 0 |a rus 
044 |a ru 
080 |a 556 
084 |a 26.22я723  |2 rubbk 
245 0 0 |a Гидрология  |b учебное пособие для спо  |c Нагалевский Ю. Я.,Папенко И. Н.,Нагалевский Э. Ю. 
250 |a 3-е изд., стер. 
260 |a Санкт-Петербург  |b Лань  |c 2023 
300 |a 380 с. 
504 |a Библиогр.: доступна в карточке книги, на сайте ЭБС Лань 
520 8 |a В учебном пособии рассматриваются теоретические вопросы гидрологии, гидрографии и условия формирования годового стока водных объектов Северо-Западного Кавказа. Соответствует современным требованиям Федерального государственного образовательного стандарта среднего профессионального образования и профессиональным квалификационным требованиям. Учебное пособие предназначено для учащихся средних специальных учебных заведений, обучающихся по специальностям «Рациональное использование природохозяйственных комплексов», «Природоохранное обустройство территорий». 
521 8 |a Книга из коллекции Лань - Ветеринария и сельское хозяйство 
653 0 |a гидрология 
653 0 |a гидрография 
653 0 |a водный объект 
653 0 |a сток 
653 0 |a годовой сток 
653 0 |a гидрографическая сеть 
653 0 |a гидрологическая сеть 
653 0 |a озерная сеть 
653 0 |a оледенение 
653 0 |a Северо-Западный Кавказ 
653 0 |a подземные воды 
653 0 |a водные ресурсы 
653 0 |a антропогенные водоемы 
653 0 |a река 
653 0 |a речная сеть 
653 0 |a озеро 
653 0 |a лиман 
653 0 |a бассейн реки 
653 0 |a водохранилище 
653 0 |a пруд 
653 0 |a канал 
653 0 |a минеральные воды 
653 0 |a термальные воды 
100 1 |a Нагалевский Ю. Я. 
700 1 |a Папенко И. Н. 
700 1 |a Нагалевский Э. Ю. 
856 4 |u https://e.lanbook.com/book/320783 
856 4 8 |u https://e.lanbook.com/img/cover/book/320783.jpg 
953 |a https://e.lanbook.com/img/cover/book/320783.jpg 
Cannot write session to /tmp/vufind_sessions/sess_vss4ksur2pmdcvjr50vb0r9293